Club Squadra della stagione della UEFA Champions League - Statistics

Statistiche generali
  • Questo quiz è stato fatto 29 volte
  • Il punteggio medio è 17 su 19
Statistiche sulle risposte
Numero apparizioni Edizioni apparizioni Nazione Squadra % Corretto
44 2013-2014; 2014-2015; 2015-2016; 2016-2017; 2017-2018; 2020-2021; 2021-2022; 2022-2023; 2023-2024 Spagna Real Madrid
100%
20 2013-2014; 2014-2015; 2015-2016; 2016-2017; 2017-2018; 2018-2019; 2019-2020; 2020-2021 Spagna Barcellona
96%
5 2018-2019 Paesi Bassi Ajax
93%
14 2013-2014; 2015-2016; 2016-2017; 2019-2020 Spagna Atletico Madrid
93%
21 2013-2014; 2015-2016; 2016-2017; 2017-2018; 2019-2020; 2020-2021; 2023-2024 Germania Bayern Monaco
93%
6 2013-2014; 2020-2021; 2023-2024 Germania Borussia Dortmund
93%
9 2014-2015; 2020-2021; 2021-2022 Inghilterra Chelsea
93%
2 2022-2023 Italia Inter
93%
10 2014-2015; 2016-2017; 2018-2019 Italia Juventus
93%
14 2017-2018; 2018-2019; 2019-2020; 2021-2022 Inghilterra Liverpool
93%
19 2017-2018; 2018-2019; 2019-2020; 2020-2021; 2021-2022; 2022-2023; 2023-2024 Inghilterra Manchester City
93%
10 2013-2014; 2015-2016; 2019-2020; 2020-2021; 2021-2022; 2023-2024 Francia Paris Saint-Germain
93%
1 2020-2021 Portogallo Porto
89%
1 2019-2020 Italia Atalanta
82%
3 2018-2019; 2019-2020 Francia Olympique Lione
82%
2 2017-2018 Italia Roma
82%
3 2018-2019 Inghilterra Tottenham
75%
3 2019-2020 Germania RB Lipsia
71%
2 2016-2017 Francia Monaco
68%
Nessun quiz corrispondente trovato
Distribuzione punteggi
Percentuale di utenti per punteggio
Percentile per numero di risposta
I tuoi punteggi nel tempo
Non hai fatto questo quiz